000 00496nam a2200181Ia 4500
005 20250326125118.0
008 250326s9999 xx 000 0 und d
037 _aTextbook
040 _aFMSL
_beng
_cFMSL
041 _aeng
_2eng
084 _aX:91 L5
_qFMSL
100 _aBerwitz C J
_9127071
245 0 _aJob analysis approach to affirmative action
_cBerwitz C J
260 _aNY
_bNY, John Wiley
_c1975
300 _a327p
942 _cTB
_hX:91 L5
999 _c1276598
_d1276598